Statistics for Brawl Stars Quiz - Season 6 Update

Click here to take the quiz!

General Stats

  • This quiz has been taken 43 times
  • The average score is 10 of 21

Answer Stats

QuestionAnswer% Correct
How many skins does Edgar has?1
92%
Who has the skin "D4R-RY1"?Darryl
86%
How much does Warrior Bo costs? (Gems)29 Gems
67%
How many Star Points do you get at the end of season when your brawler is at 504 trophies?20
64%
How much does a Mega Box Cost in the shop? (Gems)80
64%
How many coins does it cost for a Gadget in the shop?1,000
61%
How many trophies do you need to get Stu?10,000
61%
Fill out the following - Skin DJ ____Frank
58%
How much does Brawl Pass cost?169 Gems
53%
How many coins does it cost for a Star Power in the shop?2,000
53%
What is the name for the brawler that is free during the 2020 Brawlidays season?Edgar
53%
How many Star Points does it cost for a Gold Mecha skin?50,000
47%
Name one Brawlers which can give boost to teammates.8-Bit / Colonel Ruffs
44%
Who has the longest basic range in Brawl Stars? (Without using Gadgets, Star Powers, or anything that helps increase range)Belle
36%
What is the name for Darryl's New Year Skin?Dumpling Darryl
31%
How many power points do you need in order to upgrade from Power Level 8 to Power Level 9?550
25%
How much did the skin Barbarian King Bull cost?Free
25%
Whose skin begins with "Irish"?Tara
19%
How much does Sally Nani costs (in Gems)?149 Gems
8%
How do you get Challenger Colt?Buy with $4.99 U.S.
6%
How do you get Starr Poco?Buy Brawl Pass for Season 3
0%

Score Distribution

Percentile by Number Answered

Percent of People with Each Score

Your Score History

You have not taken this quiz